000 00679nam a2200229Ia 4500
003 OSt
005 20220926034218.0
006 a|||||r|||| 00| 0
007 ta
008 220923b |||||||| |||| 00| 0 eng d
037 _cGeneral Book
040 _aRTL
_cRTL
_beng
041 _2eng
_aeng
082 _aX61.1.N98r, N8/GD
110 _aInternational monetary fund
_9318517
245 0 _aAnnual report of the executive board 1998
260 _aWashington
_bD.C. International monetary fund
_c1998
300 _ax,230p
_ccm.
700 _aInternational monetary fund
_9318518
942 _hX61.1.N98r, N8/GD
_cGB
_2CC
999 _c658991
_d658991